[Event "POL-ch (Women) 76th"]
[Site "Krakow"]
[Date "2025.05.13"]
[Round "8"]
[White "Cyfka, Karina"]
[Black "Smietanska, Wiktoria"]
[Result "0-1"]
[WhiteElo "2368"]
[BlackElo "2227"]
[PlyCount "76"]
[EventDate "2025.05.06"]
[EventType "tourn"]
[EventRounds "9"]
[EventCountry "POL"]
[EventCategory "3"]
[SourceTitle "CB21_2025"]
[SourceDate "2025.05.21"]
[SourceVersion "1"]
[SourceVersionDate "2025.05.21"]
[SourceQuality "1"]

1. e4 e5 2. Nf3 Nc6 3. Bc4 Nf6 4. d3 h6 5. Nc3 d6 6. a4 g6 7. h3 Bg7 8. a5 a6 9. Be3 0-0 10. 0-0 Ne7 11. d4 exd4 12. Bxd4 Nc6 13. Be3 Re8 14. Nd2 Be6 15. Nd5 Ne5 16. Bb3 Nxd5 17. exd5 Bf5 18. Bd4 h5 19. Ra4 Bd7 20. Ra3 Qh4 21. f4 Bxh3 22. Ba4 Ng4 23. Bf2 Nxf2 24. Rxf2 Bd4 25. Qf1 Bg4 26. Bxe8 Rxe8 27. Nf3 Bxf2+ 28. Qxf2 Qf6 29. Qd4 Qf5 30. Ng5 Qxc2 31. Rc3 Qxb2 32. Qf6 Rf8 33. Ne6 Qb1+ 34. Rc1 Qxc1+ 35. Kh2 Bxe6 36. dxe6 Qe3 37. exf7+ Rxf7 38. Qxg6+ Rg7 0-1

[Event "Wroclaw POL-ROW (Women) playoff"]
[Site "Wroclaw"]
[Date "2025.03.14"]
[Round "2.5"]
[White "Garcia Martin, Marta"]
[Black "Cyfka, Karina"]
[Result "0-1"]
[WhiteElo "2316"]
[BlackElo "2372"]
[PlyCount "156"]
[EventDate "2025.03.14"]
[EventType "team-match (blitz)"]
[EventRounds "2"]
[EventCountry "POL"]
[SourceTitle "CB12_2025"]
[SourceDate "2025.03.19"]
[SourceVersion "1"]
[SourceVersionDate "2025.03.19"]
[SourceQuality "1"]
[WhiteTeam "World"]
[BlackTeam "Poland"]
[BlackTeamCountry "POL"]

1. e4 e5 2. Nc3 Nf6 3. d4 exd4 4. Qxd4 Nc6 5. Qd3 Bb4 6. Bf4 0-0 7. Nge2 d5 8. 0-0-0 dxe4 9. Nxe4 Qe7 10. Nxf6+ Qxf6 11. Qg3 Bf5 12. a3 Ba5 13. Qg5 Qxg5 14. Bxg5 Bb6 15. Bh4 Rfe8 16. Nc3 Bg6 17. Nd5 Ne5 18. Bg3 Ba5 19. b4 Bb6 20. Nxb6 axb6 21. Kb2 f6 22. f4 Ng4 23. Bc4+ Bf7 24. Bd3 Ne3 25. Rd2 Rad8 26. Kc1 Nd5 27. f5 c6 28. Kb2 b5 29. Rf1 Ne3 30. Rf4 Nc4+ 31. Bxc4 Rxd2 32. Bd3 Rd1 33. Rg4 Rg1 34. Bh4 Kf8 35. Bf2 Rh1 36. Bc5+ Kg8 37. h3 Bd5 38. Bd4 Kf7 39. Rh4 h6 40. Rg4 Ree1 41. Kc3 Ra1 42. Kb2 Ra2+ 43. Kc3 Rxa3+ 44. Kd2 Ra8 45. Bc5 Re8 46. Rg3 Be4 47. Kc3 Bxd3 48. Kxd3 Rd8+ 49. Kc3 Re1 50. Rf3 Re4 51. g4 Rc4+ 52. Kb3 Rd7 53. Re3 Rf4 54. c3 Rf1 55. Bd4 Rd1 56. Re4 Rd3 57. h4 Rg3 58. Kc2 Rg2+ 59. Kd3 Rg3+ 60. Ke2 Rg2+ 61. Kf3 Rc2 62. Kg3 Rd2 63. Kf4 Rd1 64. Kf3 Rd3+ 65. Kf4 Rd1 66. g5 Rf1+ 67. Kg4 fxg5 68. hxg5 hxg5 69. Kxg5 Rd5 70. Be5 Rg1+ 71. Kf4 Rf1+ 72. Kg4 Rg1+ 73. Kf4 Rf1+ 74. Kg5 Rg1+ 75. Kh5 Rf1 76. Kg4 Rg1+ 77. Kf3 Rf1+ 78. Kg4 Rg1+ 0-1

[Event "BL 2425 (Women)"]
[Site "Germany"]
[Date "2025.02.15"]
[Round "5.5"]
[White "Cyfka, Karina"]
[Black "Gheng, Simona"]
[Result "1-0"]
[WhiteElo "2359"]
[BlackElo "1957"]
[PlyCount "71"]
[EventDate "2024.11.16"]
[EventType "team-tourn"]
[EventRounds "11"]
[EventCountry "GER"]
[SourceTitle "CB14_2025"]
[SourceDate "2024.11.01"]
[SourceVersion "1"]
[SourceVersionDate "2024.11.01"]
[SourceQuality "1"]
[WhiteTeam "Bad Koenigshofen (W)"]
[BlackTeam "Deizisau (W)"]
[WhiteTeamCountry "GER"]
[BlackTeamCountry "GER"]

1. d4 d5 2. Nc3 Nf6 3. Bf4 e6 4. e3 Bd6 5. Qf3 a6 6. g4 Bxf4 7. Qxf4 Qd6 8. Qxd6 cxd6 9. f3 h6 10. Bd3 Nc6 11. 0-0-0 b5 12. h4 Bb7 13. Nge2 Ke7 14. g5 hxg5 15. hxg5 Nd7 16. Nf4 Nb4 17. Be2 Nb6 18. a3 Nc6 19. g6 Rxh1 20. Rxh1 Nc4 21. Ncxd5+ exd5 22. Nxd5+ Ke6 23. Bxc4 bxc4 24. Nc7+ Kf6 25. Nxa8 Bxa8 26. Rh8 Bb7 27. gxf7 Kxf7 28. d5 Ne7 29. e4 Ng8 30. Kd2 a5 31. Kc3 Ba6 32. Kd4 Bb5 33. f4 g5 34. fxg5 Kg7 35. Rh2 Ne7 36. Rf2 1-0

[Event "BL 2425 (Women)"]
[Site "Germany"]
[Date "2025.01.25"]
[Round "3.5"]
[White "Injac, Teodora"]
[Black "Cyfka, Karina"]
[Result "1/2-1/2"]
[WhiteElo "2429"]
[BlackElo "2359"]
[PlyCount "95"]
[EventDate "2024.11.16"]
[EventType "team-tourn"]
[EventRounds "11"]
[EventCountry "GER"]
[SourceTitle "CB14_2025"]
[SourceDate "2024.11.01"]
[SourceVersion "1"]
[SourceVersionDate "2024.11.01"]
[SourceQuality "1"]
[WhiteTeam "Baden-Baden (W)"]
[BlackTeam "Bad Koenigshofen (W)"]
[WhiteTeamCountry "GER"]
[BlackTeamCountry "GER"]

1. Nf3 d5 2. g3 Nd7 3. d4 Nb6 4. Nc3 Nf6 5. Bg2 h6 6. a4 a5 7. b3 Bf5 8. Ba3 Ne4 9. Nxe4 dxe4 10. Ne5 f6 11. Nc4 Nxc4 12. bxc4 Qd7 13. c3 Kf7 14. e3 e6 15. Bxf8 Rhxf8 16. Qc2 Qc6 17. 0-0 Qxc4 18. Bxe4 Bxe4 19. Qxe4 b6 20. Qf3 Rad8 21. Rfd1 Kg8 22. e4 e5 23. d5 c6 24. Rab1 cxd5 25. Rxd5 Rxd5 26. exd5 Rd8 27. Rxb6 Qxd5 28. Qxd5+ Rxd5 29. Rb5 Rd1+ 30. Kg2 Rc1 31. Rc5 Kf7 32. g4 Ke6 33. h4 g6 34. Rxa5 Rxc3 35. Ra6+ Kf7 36. Ra7+ Ke6 37. a5 Rc4 38. Kf3 Rf4+ 39. Kg3 h5 40. f3 Ra4 41. Ra6+ Kf7 42. g5 fxg5 43. hxg5 Kg7 44. Ra7+ Kg8 45. a6 Ra2 46. Ra8+ Kg7 47. Ra7+ Kg8 48. Ra8+ 1/2-1/2

[Event "CRO-chT (Women) 32nd"]
[Site "Veli Losinj"]
[Date "2024.10.07"]
[Round "3.1"]
[White "Cyfka, Karina"]
[Black "Froewis, Annika"]
[Result "1-0"]
[WhiteElo "2357"]
[BlackElo "2075"]
[PlyCount "47"]
[EventDate "2024.10.05"]
[EventType "team-tourn"]
[EventRounds "9"]
[EventCountry "CRO"]
[SourceTitle "CB45_2024"]
[Source "ChessBase"]
[SourceDate "2024.11.06"]
[SourceVersion "1"]
[SourceVersionDate "2024.11.06"]
[SourceQuality "1"]
[WhiteTeam "Strizivojna Amater (W)"]
[BlackTeam "Sisak (W)"]
[WhiteTeamCountry "CRO"]
[BlackTeamCountry "CRO"]

1. d4 d5 2. Nc3 Nf6 3. Bf4 a6 4. e3 e6 5. g4 Bd6 6. Qf3 c5 7. dxc5 Bxc5 8. g5 Nfd7 9. 0-0-0 Nc6 10. h4 Qa5 11. Nge2 Bb4 12. h5 0-0 13. g6 Nde5 14. gxh7+ Kxh7 15. Qg3 Bd6 16. Rg1 Rg8 17. Nd4 Qc7 18. Kb1 Ne7 19. Bd3+ Kh8 20. Nf3 Nc4 21. Ng5 Nf5 22. Bxd6 Ncxd6 23. Bxf5 exf5 24. Qxd6 1-0

[Event "Ustron op-A"]
[Site "Ustron"]
[Date "2024.08.13"]
[Round "5"]
[White "Backiel, Hubert"]
[Black "Cyfka, Karina"]
[Result "1/2-1/2"]
[WhiteElo "2216"]
[BlackElo "2365"]
[PlyCount "26"]
[EventDate "2024.08.09"]
[EventType "swiss"]
[EventRounds "9"]
[EventCountry "POL"]
[SourceTitle "EXT 2025"]
[Source "ChessBase"]
[SourceDate "2024.10.14"]
[SourceVersion "1"]
[SourceVersionDate "2024.10.14"]
[SourceQuality "1"]

1. e4 e5 2. Nf3 Nf6 3. d4 Nxe4 4. Bd3 d5 5. Nxe5 Bd6 6. c4 c5 7. cxd5 Nf6 8. 0-0 0-0 9. Bg5 cxd4 10. Nf3 Be7 11. Re1 Nxd5 12. Bxe7 Nxe7 13. Nxd4 Nbc6 1/2-1/2